00531nam a22001817a 450000500170000001000150001702000260003203500140005803700090007208200110008110000230009224500680011525000060018326000550018927000790024430000200032376000060034320260120121618.0 aENG-147552 a9789357317146c499.00 aEN-131084 bDBAD a92121 aAribam, Angellica  aWe, the Women of India/cAngellica Aribam [and] Akash Satyawali a1 aGurugrambHachette Book Publishing Pvt. Ltd.c2025 a4th&5th Floors, Corporate Centre Plot No. 94, Sector 44,bGurugrame122003 a239p.c20cm(pb) b1